00880nam a22002417a 450000500170000000800410001704000070005804100080006508200200007310000170009324500200011026000390013030000270016936500580019652002660025465000140052065000220053465000120055665000220056865000090059065000200059970000190061920221022093824.0221021b ||||| |||| 00| 0 eng d cAL aeng 223a338.5bHANM aV Basil Hans aMicro economics aBangalorebHSRA Publicationsc2022 axi,210p,bPBc20x13cm. 2Economicsa4883b199.00c₹d249.00e20%f15-10-2022 aBasics of Microecono ics: Exploring Microeconomics Supply and Demand Practicum Consumption Decisions The Households Production and Costs The Firms Cost of Production Pricing The Inputs Practicum Welfare Economics Economics in Action Economic Theory and Policy  aEconomics aSupply and Demand aMarkets aWelfare Economics aNEP  aIII Semester BA aHANS (V Basil)